000 00466nam a22001697a 4500
005 20150923080439.0
008 150921b xxu||||| |||| 00| 0 eng d
050 _aQB63.
_bO8
100 _aOrr, Mary A.
_919969
245 _aAn easy guide to Southern stars
_cby Orr, Mary A.
250 _a4th ed.
260 _aLondon
_bGall and Inglis
_c[n.d]
300 _a30p.;
_c10cm.
500 _aFirst edition 1915
650 _aStars
_98921
942 _2lcc
_cMONOGRAPH
999 _c123430
_d123430